000 00252nam a22001097a 4500
082 _a621.4023 LIC'C
100 _aLICHTY, L. C
_976777
245 _aCOMBUSTION ENGINES PROCESSES
260 _aNEWYORK
_bMCGRAW HILL
_c1967
300 _a654P
942 _cBK
999 _c582107
_d582107